Statistics for England Line Up V Slovenia 2010 WC

Click here to take the quiz!

General Stats

  • This quiz has been taken 28 times
    (25 since last reset)
  • The average score is 7 of 13

Answer Stats

NoAnswer% Correct
10Rooney
96%
4Gerrard
87%
8Lampard
87%
3Cole
70%
11Cole
70%
6Terry
70%
1James
57%
19Defoe
35%
2Johnson
26%
21Heskey
22%
16Milner
22%
15Upson
17%
14Barry
13%

Score Distribution

Percentile by Number Answered

Percent of People with Each Score

Your Score History

You have not taken this quiz since the last reset